000 00387nam a22001697a 4500
005 20160701135612.0
008 160701b xxu||||| |||| 00| 0 eng d
020 _a978-81-7133-994-5
041 _aeng
082 _b20612
100 _aSharma PD
_93413
245 _aMicrobiology & Plant pathology
260 _bRastogi
300 _a744
650 _aAgriculture
_92837
942 _cBK
999 _c5097
_d5095